| 000 | 00868nam a2200325 a 4500 | ||
|---|---|---|---|
| 003 | AR-BaBNM | ||
| 005 | 20251128203748.0 | ||
| 008 | 082120s2002 ||||||||||||||000 | spa|| | ||
| 040 | _cAR-BaBNM | ||
| 100 | 1 | _aIribarne, F. | |
| 245 | 0 | 0 |
_aRossini _bsu vida y sus obras |
| 260 |
_aBuenos Aires _bHispano Americana _c[s.f.] |
||
| 300 |
_a192 p. _bláms., il. |
||
| 490 | 0 | _aLos grandes músicos | |
| 500 | _aContiene referencias bibliográficas en p. 189 | ||
| 500 | _aIndice de grabaados en p. 191 | ||
| 650 | 4 | _aBIOGRAFIAS | |
| 650 | 4 | _aHISTORIA DE LA MUSICA | |
| 650 | 4 | _aFORMAS MUSICALES | |
| 650 | 4 | _aMUSICOLOGIA | |
| 650 | 4 | _aMUSICA CLASICA | |
| 650 | 4 | _aOPERA | |
| 650 | 4 | _aTEATRO | |
| 650 | 4 | _aARTE POPULAR | |
| 650 | 4 | _aARTE EUROPEO | |
| 655 | _aBIOGRAFIAS | ||
| 800 | 1 |
_aSaint Saens, Camilo _edirector |
|
| 942 | _cBK | ||
| 998 | _cMARTIN | ||
| 999 |
_c4837 _d4837 |
||